| 000 | 01082nam a2200265 a 4500 | ||
|---|---|---|---|
| 003 | BLK | ||
| 005 | 20231108131142.0 | ||
| 008 | 230502b bu |||||r|||| 00| | bu d | ||
| 020 | _a9789540917306 | ||
| 040 | _aBLK | ||
| 041 |
_aBUL _cBUL |
||
| 080 |
_aБългарска литература _b821.163.2 _x-1 _z821.163.2-1 |
||
| 100 |
_9365588 _aБоянова, Роза _eпърви автор _qКоцева , Роза Боянова |
||
| 139 |
_aБоянова, Роза _bБ 74 |
||
| 245 |
_aПисано върху вода _bНови стихове _cРоза Боянова. |
||
| 260 |
_9209473 _aСофия _bЗахарий Стоянов _c2023 _fСофия : Миг Принт _n978-954-739- ; 978-954-09- ; 954-9559- |
||
| 300 |
_a64 с. _c21 см |
||
| 380 | _aX | ||
| 500 | _aПълното име на авт. Роза Боянова е Роза Боянова Коцева | ||
| 852 |
_bП _c821.163.2-1/Б 74 Р |
||
| 852 |
_aЦб 318642 _bЦб |
||
| 856 |
_i0.00 _ldisable |
||
| 942 |
_cKNG _n0 _s1 _02 |
||
| 944 |
_aCR _c2023-07-11 _k30530 _lМинев Младен |
||
| 999 |
_c490735 _d490735 |
||